| 000 | 00690cam a22002413a 4500 | ||
|---|---|---|---|
| 001 | 21502 | ||
| 003 | PGUSA | ||
| 005 | 20140828083446.0 | ||
| 008 | 070516s2007||||xxu|||||s|||||000 | eng d | ||
| 040 |
_aPGUSA _beng |
||
| 042 | _adc | ||
| 050 | 4 | _aHF | |
| 100 | 1 |
_aBabson, Roger Ward, _d1875-1967 |
|
| 245 | 1 | 0 |
_aFundamentals of Prosperity : _bWhat They Are and Whence They Come _h[electronic resource] / _cRoger Ward Babson |
| 260 |
_bProject Gutenberg, _c2007 |
||
| 506 | _aPublic domain in the USA. | ||
| 516 | _aElectronic text | ||
| 653 | _aSuccess | ||
| 653 | _aBusiness | ||
| 830 | 0 |
_aProject Gutenberg _v21502 |
|
| 856 | 4 | 0 | _uhttp://www.gutenberg.org/ebooks/21502 |
| 942 | _cEB | ||
| 999 |
_c250757 _d250757 |
||